| 000 | 00808nam a2200253 a 4500 | ||
|---|---|---|---|
| 001 | 9570 | ||
| 003 | BD-RjUL | ||
| 005 | 20211208234811.0 | ||
| 008 | 140121s1960 enk 000 0 eng d | ||
| 035 | _a(BD-RjUL)9615 | ||
| 040 |
_aBD-RjUL _beng _cBD-RjUL _dBD-RjUL |
||
| 041 | _aeng | ||
| 082 |
_2537.5352 _bAPP |
||
| 245 | 0 | 0 |
_aApplied gamma-ray spectrometry / _cEdited by C.E. Crouthamel |
| 260 |
_aOxford : _bPergamon Press, _c1960. |
||
| 300 |
_axii, 443 p. : _bill. ; _c24 cm . |
||
| 490 | 1 |
_aInternational series of monographs in analytical chemistry ; _vv. 2 |
|
| 500 | _aIncludes index | ||
| 650 | 0 |
_aGamma ray spectrometry _929650 |
|
| 830 | 0 |
_vv. 2 _929656 |
|
| 700 | 1 |
_aCrouthamel, C. E. _929652 |
|
| 830 | 0 |
_aInternational series of monographs in analytical chemistry ; _929653 |
|
| 942 |
_2ddc _cBK |
||
| 999 |
_c9570 _d9570 |
||